| 000 | 01203nam a2200361 a 4500 | ||
|---|---|---|---|
| 001 | vtls000071510 | ||
| 003 | NLI | ||
| 005 | 20210601193119.0 | ||
| 008 | 101125m1960uuuuenka 001 0 eng | ||
| 039 | 9 |
_y201011250731 _zVLOAD |
|
| 040 | 0 |
_aNLI _beng _cEntertech-2003 _eAACR2 |
|
| 041 | 0 | _aeng | |
| 044 | _aenk | ||
| 082 | 0 | 4 | _a137 |
| 245 | 0 | 0 |
_aExperiments in personality / _cedited by H. J. Eysenck |
| 260 |
_aLondon : _bRoutledge and Kegan Paul, _c1960 - |
||
| 300 |
_a2 v. : _bill. ; _c22 cm. |
||
| 500 | _aIncludes index | ||
| 505 | 0 | _aVol. 1. Psychogenetics and psychopharmacology - v. 2. Psychodiagnostics and psychodynamics | |
| 650 | 0 |
_aPersonality _924792 |
|
| 650 | 0 |
_aClinical psychology _920789 |
|
| 650 | 0 |
_aPsychopharmacology _919706 |
|
| 700 | 1 |
_aEysenck, H. J. _q(Hans Jurgen), _d1916-, _4edt _9171581 |
|
| 740 | 0 | 2 | _aPsychogenetics and psychopharmacology |
| 740 | 0 | 2 | _aPsychodiagnostics and psychodynamics |
| 887 | _a | ||
| 901 |
_a337746 _b15.02.1961 _9v1 |
||
| 901 |
_a337747 _b15.02.1961 _9v2 |
||
| 902 | _aE137 Ey73 | ||
| 949 |
_AVIRTUAITEM _D10000 _X100 _6PUR000337746ENG _9v1 |
||
| 942 |
_2ddc _cBKS |
||
| 949 |
_AVIRTUAITEM _D10000 _X100 _6PUR000337747ENG _9v2 |
||
| 999 |
_aVIRTUA00 _c75615 _d75615 |
||